[Event "Campeonato de España FEDC 2014"]
[Site "Linares ESP"]
[Date "2014.11.19"]
[Round "4.20"]
[White "Bueno Cardenas, Rafael"]
[Black "Losilla Marin, Antonio"]
[Result "0-1"]
[WhiteElo "1511"]
[BlackElo "1656"]
[PlyCount "110"]
[EventDate "2014.11.16"]
[EventType "swiss"]
[EventRounds "8"]
[EventCountry "ESP"]
[Source "lmi"]
[SourceDate "2014.11.16"]

1. e4 g6 2. d4 Bg7 3. e5 d6 4. exd6 Qxd6 5. c3 Nf6 6. Nf3 O-O 7. Be2 b6 8. Nbd2
Bb7 9. Nc4 Qd8 10. Nce5 Nbd7 11. Bf4 c5 12. dxc5 Nxe5 13. Qxd8 Raxd8 14. Bxe5
bxc5 15. O-O Ne4 16. Bxg7 Kxg7 17. Rfd1 h6 18. Rxd8 Rxd8 19. Rd1 Rxd1+ 20. Bxd1
f6 21. Bc2 Nd6 22. Nd2 e5 23. Nb3 c4 24. Na5 Bd5 25. b3 Kf7 26. f3 f5 27. Kf2
Ke6 28. Ke2 g5 29. bxc4 Nxc4 30. Nb3 Na3 31. Bd3 h5 32. g3 Bc4 33. Bxc4+ Nxc4
34. Nd2 Kd5 35. Nb3 Nb2 36. Nd2 a5 37. Nb1 Kc4 38. Kd2 Kd5 39. Ke2 Nc4 40. a4
e4 41. fxe4+ Kxe4 42. Nd2+ Nxd2 43. Kxd2 f4 44. gxf4 gxf4 45. Ke2 f3+ 46. Kf2
Kd3 47. Kxf3 Kxc3 48. h4 Kb4 49. Kf4 Kxa4 50. Kg5 Kb3 51. Kxh5 a4 52. Kg6 a3
53. h5 a2 54. h6 a1=Q 55. h7 Qh8 0-1

[Event "Campeonato de España FEDC 2014"]
[Site "Linares ESP"]
[Date "2014.11.19"]
[Round "4.22"]
[White "Garcia Cruz, Francisco"]
[Black "Miramon Borragan, Gustavo"]
[Result "1-0"]
[WhiteElo "1500"]
[BlackElo "1626"]
[PlyCount "53"]
[EventDate "2014.11.16"]
[EventType "swiss"]
[EventRounds "8"]
[EventCountry "ESP"]
[Source "lmi"]
[SourceDate "2014.11.16"]

1. c4 g6 2. d4 Bg7 3. Nc3 d6 4. Nf3 Nf6 5. e4 O-O 6. Bg5 c6 7. Qd2 Re8 8. Be2
Na6 9. Bh6 Bh8 10. h3 Nc7 11. Ng5 Ne6 12. O-O-O Nxg5 13. Bxg5 a6 14. g4 Qa5 15.
f4 Bg7 16. f5 b5 17. e5 Nd7 18. e6 fxe6 19. fxe6 Nf8 20. d5 b4 21. Ne4 c5 22.
b3 Qb6 23. Qf4 Qa5 24. Qf7+ Kh8 25. Qxe8 Qa3+ 26. Kd2 Qxa2+ 27. Ke1 1-0

[Event "Campeonato de España FEDC 2014"]
[Site "Linares ESP"]
[Date "2014.11.19"]
[Round "4.23"]
[White "De Los Heros Torres, Francisco"]
[Black "Ardila Pacheco, Julian"]
[Result "1-0"]
[WhiteElo "1624"]
[BlackElo "1215"]
[PlyCount "51"]
[EventDate "2014.11.16"]
[EventType "swiss"]
[EventRounds "8"]
[EventCountry "ESP"]
[Source "lmi"]
[SourceDate "2014.11.16"]

1. e4 e5 2. Bc4 Qf6 3. Nf3 Nc6 4. Nc3 Qe7 5. O-O Nf6 6. d4 d6 7. dxe5 Nxe5 8.
Nxe5 Qxe5 9. Nd5 Ng4 10. Bf4 Qh5 11. Nxc7+ Kd8 12. Nxa8 Qc5 13. Be2 Nf6 14. e5
Nd5 15. Bg3 h6 16. c4 Nb6 17. Nxb6 Qxb6 18. exd6 Bd7 19. Rc1 Qxb2 20. Rb1 Qa3
21. Rxb7 Bc8 22. Rb8 Qc5 23. Bf3 Qf5 24. Bb7 Bxd6 25. Qxd6+ Qd7 26. Rxc8# 1-0

[Event "Campeonato de España FEDC 2014"]
[Site "Linares ESP"]
[Date "2014.11.19"]
[Round "4.24"]
[White "Juanes Paniagua, Alberto"]
[Black "Arranz Fraile, Javier"]
[Result "0-1"]
[WhiteElo "1321"]
[BlackElo "1594"]
[PlyCount "92"]
[EventDate "2014.11.16"]
[EventType "swiss"]
[EventRounds "8"]
[EventCountry "ESP"]
[Source "lmi"]
[SourceDate "2014.11.16"]

1. d4 g6 2. c4 Bg7 3. Nc3 c5 4. Nf3 d6 5. Bg5 Nd7 6. g3 Qa5 7. Qc2 cxd4 8. Qa4
b6 9. Qxa5 bxa5 10. Nb5 Kd8 11. Nbxd4 Bb7 12. Rb1 Be4 13. Rd1 h6 14. Be3 Ne5
15. Bg2 Nxc4 16. b3 Nxe3 17. fxe3 Nf6 18. O-O Ng4 19. Ne1 Bxg2 20. Nxg2 Ne5 21.
Nh4 Kd7 22. Nhf3 Ng4 23. Rd3 Rhc8 24. h3 Ne5 25. Nxe5+ Bxe5 26. Kf2 f5 27. a4
a6 28. Nf3 Bf6 29. Rfd1 Rc5 30. Rd5 Rac8 31. Rxc5 Rxc5 32. Rd3 e5 33. Nh4 e4
34. Rd1 g5 35. Ng2 Rc2 36. Rb1 Rb2 37. Rxb2 Bxb2 38. Ne1 Kc6 39. Nc2 Kc5 40.
Kg2 d5 41. g4 fxg4 42. hxg4 d4 43. Kf2 d3 44. exd3 exd3 45. Nd4 Bxd4 46. exd4+
Kxd4 0-1

[Event "Campeonato de España FEDC 2014"]
[Site "Linares ESP"]
[Date "2014.11.19"]
[Round "4.26"]
[White "Sanchez Ruiz, Justo"]
[Black "Garcia Cruz, Jose Manuel"]
[Result "1-0"]
[WhiteElo "1708"]
[BlackElo "1300"]
[PlyCount "68"]
[EventDate "2014.11.16"]
[EventType "swiss"]
[EventRounds "8"]
[EventCountry "ESP"]
[Source "lmi"]
[SourceDate "2014.11.16"]

1. e4 d5 2. exd5 Qxd5 3. Nc3 Qa5 4. d4 c6 5. Bc4 Nf6 6. Nf3 Bf5 7. Bd2 Qc7 8.
Ne5 e6 9. Bb3 Nbd7 10. Qe2 Bd6 11. Bf4 Ng4 12. O-O-O Ngxe5 13. d5 Nd3+ 14. cxd3
Bxf4+ 15. Kb1 O-O-O 16. dxe6 Bxe6 17. Bxe6 fxe6 18. Qxe6 Rhe8 19. Qh3 h6 20. g3
Be5 21. Rc1 Kb8 22. f4 Bf6 23. Rhd1 Qb6 24. Qg2 Nc5 25. Qc2 Bd4 26. Ka1 Be3 27.
Rb1 Qa6 28. Ne4 Qb5 29. Nc3 Qb6 30. b4 Ne6 31. b5 Bd4 32. bxc6 Qxc6 33. Rdc1
Rc8 34. Rb3 Nc5 1-0

[Event "Campeonato de España FEDC 2014"]
[Site "Linares ESP"]
[Date "2014.11.19"]
[Round "4.27"]
[White "Mena Lena, Antonio"]
[Black "Fernandez Cabello, Emilio"]
[Result "0-1"]
[WhiteElo "1296"]
[BlackElo "1513"]
[PlyCount "73"]
[EventDate "2014.11.16"]
[EventType "swiss"]
[EventRounds "8"]
[EventCountry "ESP"]
[Source "lmi"]
[SourceDate "2014.11.16"]

1. c4 e6 2. g3 f5 3. Bg2 Nf6 4. Nf3 d6 5. O-O Be7 6. d3 O-O 7. Nc3 Nc6 8. a3 e5
9. e4 fxe4 10. Nxe4 Nxe4 11. dxe4 Be6 12. Qd3 Qe8 13. Bg5 h6 14. Bxe7 Nxe7 15.
Qc2 Bg4 16. Qb3 b6 17. h3 Be6 18. a4 Nc6 19. Qd3 Nb4 20. Qc3 a5 21. b3 Qd7 22.
Kh2 Rae8 23. Ne1 Rf6 24. f3 Ref8 25. g4 Rf4 26. Nd3 Nxd3 27. Qxd3 Bf7 28. Rf2
Kh8 29. Qe3 g5 30. Raf1 h5 31. Rh1 Bg6 32. Kg1 Kg7 33. Rh2 Rh8 34. h4 hxg4 35.
fxg4 Rhf8 36. Bf3 gxh4 37. Rxh4 0-1

[Event "Campeonato de España FEDC 2014"]
[Site "Linares ESP"]
[Date "2014.11.19"]
[Round "4.28"]
[White "Urlezaga Mandaluniz, Jose A"]
[Black "Alarcon Alarcon, Juana"]
[Result "0-1"]
[WhiteElo "1284"]
[BlackElo "1322"]
[PlyCount "70"]
[EventDate "2014.11.16"]
[EventType "swiss"]
[EventRounds "8"]
[EventCountry "ESP"]
[Source "lmi"]
[SourceDate "2014.11.16"]

1. c4 e5 2. e3 Nc6 3. d4 e4 4. Be2 Nf6 5. Nc3 Bb4 6. Bd2 O-O 7. Qc2 d6 8. Nd5
Bxd2+ 9. Qxd2 Nxd5 10. cxd5 Qg5 11. g3 Ne7 12. Bc4 f5 13. Ne2 Ng6 14. Rg1 Qh6
15. O-O-O Bd7 16. Nc3 a6 17. Qc2 b5 18. Bb3 b4 19. Na4 a5 20. Kb1 Rac8 21. g4
fxg4 22. Rxg4 Bxg4 23. Rc1 Rf6 24. Qc6 Qxh2 25. Qb5 Qxf2 26. Qxa5 Qxe3 27. Qxb4
Rcf8 28. Nc3 Rf2 29. Nd1 Bxd1 30. Bxd1 Nf4 31. Rc3 Nd3 32. Qb7 Rf1 33. Rxc7
Rxd1+ 34. Kc2 Rc1+ 35. Kb3 Nc5+ 0-1

[Event "Campeonato de España FEDC 2014"]
[Site "Linares ESP"]
[Date "2014.11.20"]
[Round "5.1"]
[White "Clemente Llamero, Roberto"]
[Black "Fernandez Manrique, Agustin"]
[Result "1/2-1/2"]
[WhiteElo "2097"]
[BlackElo "2197"]
[PlyCount "32"]
[EventDate "2014.11.16"]
[EventType "swiss"]
[EventRounds "8"]
[EventCountry "ESP"]
[Source "lmi"]
[SourceDate "2014.11.16"]

1. e4 e6 2. d3 d5 3. Nd2 Nf6 4. Ngf3 b6 5. c3 Be7 6. e5 Nfd7 7. h4 c5 8. h5 Qc7
9. d4 cxd4 10. cxd4 Ba6 11. Bxa6 Nxa6 12. a3 Rc8 13. O-O Nab8 14. Nh2 Qc2 15.
Qg4 g6 16. Ndf3 Qf5 1/2-1/2

[Event "Campeonato de España FEDC 2014"]
[Site "Linares ESP"]
[Date "2014.11.20"]
[Round "5.2"]
[White "Draghici Flutur, Gavril"]
[Black "Ortiz Amenos, Jose Luis"]
[Result "1-0"]
[WhiteElo "2164"]
[BlackElo "2039"]
[PlyCount "69"]
[EventDate "2014.11.16"]
[EventType "swiss"]
[EventRounds "8"]
[EventCountry "ESP"]
[Source "lmi"]
[SourceDate "2014.11.16"]

1. e4 e6 2. d4 d5 3. Nc3 Nf6 4. Bd3 c5 5. exd5 cxd4 6. Bb5+ Bd7 7. Bxd7+ Qxd7
8. dxe6 fxe6 9. Nce2 Nc6 10. f4 Bc5 11. Nf3 O-O 12. a3 a5 13. Qd3 Rad8 14. O-O
Qd5 15. Ng3 Ba7 16. Bd2 a4 17. Rae1 Bb8 18. Ng5 Rde8 19. Nh5 g6 20. Nxf6+ Rxf6
21. Qh3 Re7 22. Re2 Qf5 23. Qh4 h5 24. h3 Ba7 25. Kh1 Qxc2 26. Ne4 Rff7 27. Qg5
Rg7 28. Rc1 Qxb2 29. f5 gxf5 30. Nf6+ Kf7 31. Qxh5+ Rg6 32. Nh7 Re8 33. Ng5+
Kf6 34. Nxe6 Qb3 35. Bg5+ 1-0

[Event "Campeonato de España FEDC 2014"]
[Site "Linares ESP"]
[Date "2014.11.20"]
[Round "5.3"]
[White "Aguilar Sevilla, Diego"]
[Black "Fernandez Lago, David"]
[Result "1-0"]
[WhiteElo "2105"]
[BlackElo "2000"]
[PlyCount "93"]
[EventDate "2014.11.16"]
[EventType "swiss"]
[EventRounds "8"]
[EventCountry "ESP"]
[Source "lmi"]
[SourceDate "2014.11.16"]

1. e4 c5 2. Nf3 d6 3. Bb5+ Bd7 4. Bxd7+ Qxd7 5. O-O Nc6 6. c3 g6 7. d4 cxd4 8.
cxd4 Bg7 9. Nc3 Nf6 10. d5 Ne5 11. Nxe5 dxe5 12. Qb3 O-O 13. f3 Ne8 14. Be3 Nd6
15. a4 f5 16. Rac1 f4 17. Bc5 g5 18. Nb5 a6 19. Nxd6 exd6 20. Bb6 Rac8 21. Qb4
Bf6 22. b3 Bd8 23. Bf2 g4 24. Rxc8 Qxc8 25. Qxd6 gxf3 26. gxf3 Rf6 27. Qxe5
Rg6+ 28. Kh1 Qh3 29. Qe8+ Kg7 30. Bd4+ Kh6 31. Qf8+ Kh5 32. Qf5+ Qxf5 33. exf5
Rd6 34. Be5 Rxd5 35. Bxf4 Rxf5 36. Bg3 Rd5 37. Kg2 Rd3 38. Rb1 Rd2+ 39. Kh3 Rd3
40. Kg2 Rd2+ 41. Kf1 Bb6 42. Re1 Bd4 43. Re7 Kg6 44. Rxb7 Rd3 45. Rd7 Rxf3+ 46.
Kg2 Rd3 47. Bf2 1-0

[Event "Campeonato de España FEDC 2014"]
[Site "Linares ESP"]
[Date "2014.11.20"]
[Round "5.4"]
[White "Vela Ignacio, Jose Manuel"]
[Black "Garcia Cervigon, Cecilio"]
[Result "0-1"]
[WhiteElo "2128"]
[BlackElo "1807"]
[PlyCount "92"]
[EventDate "2014.11.16"]
[EventType "swiss"]
[EventRounds "8"]
[EventCountry "ESP"]
[Source "lmi"]
[SourceDate "2014.11.16"]

1. d4 c6 2. e4 d5 3. Nd2 dxe4 4. Nxe4 Nf6 5. Nxf6+ exf6 6. Ne2 Bd6 7. Ng3 O-O
8. Bd3 Re8+ 9. Be3 f5 10. Qh5 g6 11. Qh6 f4 12. Nh5 Qa5+ 13. Kf1 Qxh5 14. Qxh5
gxh5 15. Bd2 Nd7 16. f3 Nf6 17. Kf2 Bd7 18. g3 fxg3+ 19. hxg3 Kg7 20. g4 hxg4
21. Bh6+ Kg8 22. Rag1 Bf8 23. Bf4 Bg7 24. Rh4 Nd5 25. Bxh7+ Kf8 26. Bd6+ Ne7
27. c3 Bf6 28. Rh5 Kg7 29. fxg4 Ng6 30. g5 Be7 31. Bg3 Rh8 32. Bxg6 Kxg6 33.
Rh6+ Rxh6 34. gxh6 Bg5 35. c4 Re8 36. Kf3 Re3+ 37. Kf2 Rd3 38. Bb8 Kxh6 39.
Bxa7 Bf5 40. d5 cxd5 41. cxd5 Rxd5 42. a3 Rd2+ 43. Kf3 Rxb2 44. Bd4 Rb3+ 45.
Ke2 Rxa3 46. Bc5 Rb3 0-1

[Event "Campeonato de España FEDC 2014"]
[Site "Linares ESP"]
[Date "2014.11.20"]
[Round "5.5"]
[White "Olivera Gutierrez, Albert"]
[Black "Septien Lopez, Valeriano"]
[Result "0-1"]
[WhiteElo "2047"]
[BlackElo "1811"]
[PlyCount "80"]
[EventDate "2014.11.16"]
[EventType "swiss"]
[EventRounds "8"]
[EventCountry "ESP"]
[Source "lmi"]
[SourceDate "2014.11.16"]

1. g3 g6 2. Bg2 Bg7 3. c4 c6 4. Nc3 e6 5. e4 Na6 6. d4 Ne7 7. Nge2 Nc7 8. d5 d6
9. O-O O-O 10. Be3 Re8 11. Qd2 exd5 12. cxd5 Bg4 13. f3 Bd7 14. dxc6 Bxc6 15.
Bd4 f6 16. Rad1 d5 17. Bc5 b6 18. Ba3 f5 19. Nd4 Bb7 20. exf5 Bxd4+ 21. Qxd4
Nxf5 22. Qd2 Ne3 23. Rfe1 Nxd1 24. Rxd1 Qf6 25. b3 Qe5 26. Kf2 Rad8 27. Bb2 d4
28. Ne4 Bxe4 29. fxe4 Rf8+ 30. Kg1 Ne6 31. Qd3 Qg5 32. Qc4 Qf6 33. Rf1 Qe5 34.
Bh3 Rxf1+ 35. Kxf1 Kf7 36. a4 Qxe4 37. Bxd4 Qf3+ 38. Kg1 Qd1+ 39. Kg2 Qxd4 40.
Qxe6+ Kf8 0-1

[Event "Campeonato de España FEDC 2014"]
[Site "Linares ESP"]
[Date "2014.11.20"]
[Round "5.6"]
[White "Pimienta Sanchez, Manuel"]
[Black "Martinez Colomar, Alejandro"]
[Result "0-1"]
[WhiteElo "1820"]
[BlackElo "1747"]
[PlyCount "60"]
[EventDate "2014.11.16"]
[EventType "swiss"]
[EventRounds "8"]
[EventCountry "ESP"]
[Source "lmi"]
[SourceDate "2014.11.16"]

1. d4 d6 2. e3 g6 3. Bd3 Bg7 4. Nd2 Nf6 5. f4 O-O 6. Ngf3 Nc6 7. c3 e5 8. O-O
Re8 9. fxe5 dxe5 10. Bb5 e4 11. Ne5 Nxe5 12. Bxe8 Qxe8 13. dxe5 Qxe5 14. Nc4
Qe7 15. b3 Bg4 16. Qe1 Nd5 17. Ba3 Qg5 18. Qg3 Qh5 19. Rac1 Nxc3 20. Rxc3 Bxc3
21. Qxc7 Be6 22. Qxb7 Rd8 23. Qe7 Ra8 24. Nd6 Be5 25. Nxe4 Bxh2+ 26. Kf2 Qf5+
27. Ke2 Qxe4 28. Qf6 Be5 29. Qg5 Qc2+ 30. Kf3 Bd5+ 0-1

[Event "Campeonato de España FEDC 2014"]
[Site "Linares ESP"]
[Date "2014.11.20"]
[Round "5.7"]
[White "Palacios Perez, Manuel"]
[Black "Megias Gonzalez, Javier"]
[Result "1-0"]
[WhiteElo "2208"]
[BlackElo "1837"]
[PlyCount "87"]
[EventDate "2014.11.16"]
[EventType "swiss"]
[EventRounds "8"]
[EventCountry "ESP"]
[Source "lmi"]
[SourceDate "2014.11.16"]

1. d4 b6 2. c4 e6 3. Nf3 Bb7 4. g3 f5 5. Bg2 Nf6 6. Nc3 Be7 7. O-O O-O 8. d5
exd5 9. Nd4 Ne4 10. Nxd5 Bc5 11. Bf4 Bxd5 12. cxd5 Qf6 13. Nb5 Na6 14. Qa4 c6
15. Qxa6 cxb5 16. Bxe4 fxe4 17. Qxb5 d6 18. Qb3 Qg6 19. Be3 Rf7 20. Qc3 Raf8
21. b4 Bxe3 22. Qxe3 h5 23. Rac1 Qf5 24. Rc4 Re8 25. Rd1 h4 26. Rdd4 Rfe7 27.
Rc6 Qg6 28. Kg2 Rf7 29. Rcc4 Rfe7 30. Qf4 h3+ 31. Kxh3 Qh5+ 32. Kg2 Qxe2 33.
Qe3 Qxa2 34. Rc6 Rf8 35. Rxd6 Ref7 36. Rd2 Qb1 37. Re6 Qxb4 38. Rxe4 Qd6 39.
Re6 Qb4 40. Re8 Rxe8 41. Qxe8+ Qf8 42. Qc6 Qd8 43. Re2 Rf6 44. Re8+ 1-0

[Event "Campeonato de España FEDC 2014"]
[Site "Linares ESP"]
[Date "2014.11.20"]
[Round "5.8"]
[White "Rousse Mayol, Ricard"]
[Black "Zanoletty Garcia, David"]
[Result "0-1"]
[WhiteElo "1788"]
[BlackElo "1996"]
[PlyCount "50"]
[EventDate "2014.11.16"]
[EventType "swiss"]
[EventRounds "8"]
[EventCountry "ESP"]
[Source "lmi"]
[SourceDate "2014.11.16"]

1. Nf3 Nf6 2. d4 d6 3. g3 Bf5 4. c4 c6 5. Bg2 h6 6. Nc3 Nbd7 7. Nh4 Bh7 8. O-O
g5 9. Nf3 Bg7 10. Re1 O-O 11. h3 e5 12. dxe5 dxe5 13. e4 Qc7 14. b3 Rfd8 15.
Nd2 Nc5 16. Ba3 Ne6 17. Qc1 Rd7 18. Ne2 Rad8 19. Bb4 a5 20. Bc3 Nc5 21. Qa3 b6
22. Nf3 Nfxe4 23. Qb2 Nd3 24. Qc2 Nxc3 25. Nxg5 hxg5 0-1

[Event "Campeonato de España FEDC 2014"]
[Site "Linares ESP"]
[Date "2014.11.20"]
[Round "5.9"]
[White "Saez Gabikagogeaskoa, Oscar"]
[Black "Ramirez Carrasco, Antonio"]
[Result "1-0"]
[WhiteElo "1988"]
[BlackElo "1755"]
[PlyCount "57"]
[EventDate "2014.11.16"]
[EventType "swiss"]
[EventRounds "8"]
[EventCountry "ESP"]
[Source "lmi"]
[SourceDate "2014.11.16"]

1. e4 e5 2. Nf3 Nc6 3. d4 exd4 4. Nxd4 Bc5 5. Be3 Qf6 6. c3 Nge7 7. Bc4 Ne5 8.
Be2 Qg6 9. O-O d6 10. Bh5 Qxe4 11. Nb5 Qc6 12. Bxc5 Qxc5 13. Qe2 O-O 14. b4 Qb6
15. a4 a6 16. Nd4 N7c6 17. Nxc6 Qxc6 18. f4 Ng6 19. f5 Ne5 20. f6 Be6 21. Nd2
Qxc3 22. Rac1 Qd4+ 23. Kh1 c6 24. Rcd1 Qh4 25. Ne4 Bc4 26. Qf2 Qxe4 27. fxg7
Rfd8 28. Rd4 Nd3 29. Bxf7+ 1-0

[Event "Campeonato de España FEDC 2014"]
[Site "Linares ESP"]
[Date "2014.11.20"]
[Round "5.10"]
[White "Monmeneu Chulia, Vicente Juan"]
[Black "Garcia Cervigon, Juan Pablo"]
[Result "1/2-1/2"]
[WhiteElo "1851"]
[BlackElo "1709"]
[PlyCount "85"]
[EventDate "2014.11.16"]
[EventType "swiss"]
[EventRounds "8"]
[EventCountry "ESP"]
[Source "lmi"]
[SourceDate "2014.11.16"]

1. e4 c6 2. Nc3 d5 3. Nf3 dxe4 4. Nxe4 Nf6 5. Nxf6+ exf6 6. d4 Bd6 7. Be2 Bg4
8. h3 Be6 9. Be3 Nd7 10. c4 c5 11. d5 Bf5 12. Bd3 Bxd3 13. Qxd3 Ne5 14. Qe2 O-O
15. Nd2 Re8 16. O-O f5 17. f4 Ng6 18. g3 Nf8 19. Qd3 Qf6 20. b3 Nd7 21. Rae1
Qg6 22. g4 fxg4 23. Qxg6 hxg6 24. hxg4 Nf6 25. g5 Ne4 26. Nxe4 Rxe4 27. Bd2
Rae8 28. Rxe4 Rxe4 29. Rf2 f6 30. gxf6 gxf6 31. Kg2 Kf7 32. Kf3 f5 33. Rf1 Kg8
34. Rg1 Kf7 35. Rh1 Kg8 36. Re1 Rxe1 37. Bxe1 Kf7 38. Bd2 Ke8 39. Be3 b6 40.
Ke2 Kd7 41. Kd3 Be7 42. a3 Kd6 43. Ke2 1/2-1/2

[Event "Campeonato de España FEDC 2014"]
[Site "Linares ESP"]
[Date "2014.11.20"]
[Round "5.11"]
[White "Espadina Solano, Jaime"]
[Black "Coves Sepulcre, Laureano"]
[Result "0-1"]
[WhiteElo "1741"]
[BlackElo "1840"]
[PlyCount "78"]
[EventDate "2014.11.16"]
[EventType "swiss"]
[EventRounds "8"]
[EventCountry "ESP"]
[Source "lmi"]
[SourceDate "2014.11.16"]

1. e4 c5 2. Nf3 g6 3. d4 cxd4 4. Nxd4 Bg7 5. Nc3 Nc6 6. Nde2 Nf6 7. g3 d6 8.
Bg2 Bg4 9. h3 Be6 10. Be3 Rc8 11. O-O O-O 12. Rc1 Nd7 13. Nd4 Bc4 14. Re1 Nde5
15. f4 Nxd4 16. Bxd4 Nc6 17. Bxg7 Kxg7 18. Kh2 Qa5 19. a3 h5 20. Nd5 Ba6 21. c3
Qd8 22. Qf3 e6 23. Ne3 Qf6 24. Rcd1 Rfd8 25. g4 hxg4 26. Nxg4 Qh4 27. f5 Ne5
28. f6+ Kh7 29. Nxe5 dxe5 30. Bf1 Bxf1 31. Rxf1 g5 32. Qg4 Qxg4 33. hxg4 Kg6
34. Rxd8 Rxd8 35. Rf2 Rd3 36. Kg2 Re3 37. Kf1 Rxe4 38. Re2 Rxe2 39. Kxe2 Kxf6
0-1

[Event "Campeonato de España FEDC 2014"]
[Site "Linares ESP"]
[Date "2014.11.20"]
[Round "5.12"]
[White "Diaz De La Guia, Luis"]
[Black "Escalante Ortega, Fernando"]
[Result "1/2-1/2"]
[WhiteElo "1653"]
[BlackElo "1814"]
[PlyCount "44"]
[EventDate "2014.11.16"]
[EventType "swiss"]
[EventRounds "8"]
[EventCountry "ESP"]
[Source "lmi"]
[SourceDate "2014.11.16"]

1. d4 d5 2. Nc3 Nf6 3. Bg5 Nbd7 4. Qd3 g6 5. f3 Bg7 6. e4 dxe4 7. fxe4 c6 8.
Nf3 h6 9. Bf4 g5 10. Bd2 Qc7 11. e5 Nd5 12. Nxd5 cxd5 13. e6 Nf8 14. Qb5+ Qc6
15. Qxc6+ bxc6 16. exf7+ Kxf7 17. Ne5+ Bxe5 18. dxe5 Ng6 19. Bd3 Be6 20. O-O+
Kg7 21. Bf5 Bxf5 22. Rxf5 Rhf8 1/2-1/2

[Event "Campeonato de España FEDC 2014"]
[Site "Linares ESP"]
[Date "2014.11.20"]
[Round "5.13"]
[White "Ariste Justo, Jesus Angel"]
[Black "Salas Rasilla, Concepcion"]
[Result "1/2-1/2"]
[WhiteElo "1858"]
[BlackElo "1653"]
[PlyCount "63"]
[EventDate "2014.11.16"]
[EventType "swiss"]
[EventRounds "8"]
[EventCountry "ESP"]
[Source "lmi"]
[SourceDate "2014.11.16"]

1. d4 Nf6 2. c4 c5 3. d5 b5 4. cxb5 a6 5. Nc3 axb5 6. Nxb5 g6 7. g3 Bg7 8. Bg2
Ba6 9. Nc3 d6 10. Nf3 Nbd7 11. O-O O-O 12. Re1 Ng4 13. Qc2 Qc7 14. h3 Nge5 15.
Nxe5 Nxe5 16. Ne4 Rfb8 17. Nd2 Qa7 18. Rb1 Bb5 19. a3 Qa6 20. Bf1 Nc4 21. Nxc4
Bxc4 22. e4 Bxf1 23. Rxf1 Qb5 24. Bd2 Qb3 25. Qxb3 Rxb3 26. Rfc1 Rab8 27. a4
Rxb2 28. Rxb2 Rxb2 29. Bc3 Ra2 30. Bxg7 Kxg7 31. Rc4 Kf8 32. Kg2 1/2-1/2

[Event "Campeonato de España FEDC 2014"]
[Site "Linares ESP"]
[Date "2014.11.20"]
[Round "5.14"]
[White "Losilla Marin, Antonio"]
[Black "Lopez Perez, Angel Luis"]
[Result "1/2-1/2"]
[WhiteElo "1656"]
[BlackElo "1769"]
[PlyCount "95"]
[EventDate "2014.11.16"]
[EventType "swiss"]
[EventRounds "8"]
[EventCountry "ESP"]
[Source "lmi"]
[SourceDate "2014.11.16"]

1. b3 d5 2. Bb2 Nc6 3. Nf3 Bf5 4. e3 a6 5. d3 e6 6. Nbd2 Nf6 7. Be2 Be7 8. O-O
O-O 9. c4 h6 10. Re1 Qd7 11. Ne5 Nxe5 12. Bxe5 Bg6 13. Rc1 c6 14. Nf3 Rad8 15.
c5 Nh7 16. Bg3 f6 17. b4 e5 18. h3 Bf7 19. Qc2 Rfe8 20. a3 Nf8 21. e4 d4 22.
Rf1 Ng6 23. Nh2 Rf8 24. f4 exf4 25. Bxf4 Ne5 26. Rf2 Be6 27. Rcf1 Kh7 28. Bxe5
fxe5 29. Ng4 Qc7 30. Bd1 Kg8 31. Qe2 Rxf2 32. Rxf2 Bg5 33. Kf1 h5 34. Nh2 Bf4
35. Rxf4 exf4 36. Qxh5 Qf7 37. Qe5 Qf6 38. Qc7 Rd7 39. Qb8+ Qd8 40. Qe5 Qf6 41.
Qb8+ Kh7 42. Qe8 Qf7 43. Qb8 Re7 44. Nf3 Qf6 45. Kg1 Bf7 46. e5 Qf5 47. Be2 Rd7
48. Qc8 1/2-1/2

[Event "Campeonato de España FEDC 2014"]
[Site "Linares ESP"]
[Date "2014.11.20"]
[Round "5.15"]
[White "Quintero Gemio, Antonio J"]
[Black "Samper Alarcon, Julio Alfredo"]
[Result "0-1"]
[WhiteElo "1763"]
[BlackElo "1627"]
[PlyCount "130"]
[EventDate "2014.11.16"]
[EventType "swiss"]
[EventRounds "8"]
[EventCountry "ESP"]
[Source "lmi"]
[SourceDate "2014.11.16"]

1. e4 c6 2. d4 d5 3. e5 Bf5 4. Nf3 e6 5. Be2 Qb6 6. O-O Ne7 7. Nbd2 Bg6 8. Nb3
Nd7 9. Bd2 Qc7 10. Bb4 Nf5 11. Bxf8 Nxf8 12. Rc1 Nd7 13. c4 Ne7 14. Bd3 Bxd3
15. Qxd3 dxc4 16. Qxc4 O-O 17. Nbd2 Nb6 18. Qc2 Rad8 19. Ne4 Ng6 20. Rfd1 Qe7
21. Nd6 Nc8 22. Qc5 Nxd6 23. exd6 Qxd6 24. Qxa7 Qb4 25. Qa3 Qb5 26. Qc3 Nf4 27.
Re1 Rd5 28. Rc2 Rfd8 29. g3 Nh3+ 30. Kg2 Ng5 31. Nxg5 Rxg5 32. f4 Rgd5 33. Rd2
h6 34. b4 Ra8 35. a3 b6 36. Re5 Rad8 37. Re1 c5 38. bxc5 bxc5 39. Rb2 Qc6 40.
Qf3 cxd4 41. Rd1 Qc3 42. Rb3 Qc2+ 43. Kg1 d3 44. Rb7 Qe2 45. Qf1 Qe3+ 46. Qf2
Qe2 47. Qxe2 dxe2 48. Re1 Rd1 49. Kf2 Rxe1 50. Kxe1 Rd3 51. Rb8+ Kh7 52. a4 Ra3
53. Ra8 Kg6 54. Kxe2 Ra2+ 55. Kf3 Rxh2 56. a5 Ra2 57. a6 f5 58. a7 Kh5 59. Re8
Rxa7 60. Rxe6 Ra3+ 61. Kg2 g5 62. Rf6 Kg4 63. Rxh6 Rxg3+ 64. Kf2 Rf3+ 65. Kg2
Rxf4 0-1

[Event "Campeonato de España FEDC 2014"]
[Site "Linares ESP"]
[Date "2014.11.20"]
[Round "5.16"]
[White "De Los Heros Torres, Francisco"]
[Black "Mondelo Fidalgo, Antonio"]
[Result "1/2-1/2"]
[WhiteElo "1624"]
[BlackElo "1739"]
[PlyCount "67"]
[EventDate "2014.11.16"]
[EventType "swiss"]
[EventRounds "8"]
[EventCountry "ESP"]
[Source "lmi"]
[SourceDate "2014.11.16"]

1. e4 e6 2. d4 d5 3. e5 c5 4. c3 Nc6 5. Nf3 Qb6 6. Bd3 Nh6 7. h3 cxd4 8. cxd4
Nf5 9. Bxf5 exf5 10. O-O Be6 11. Nc3 Be7 12. Na4 Qc7 13. Bg5 Bf8 14. Rc1 h6 15.
Bd2 Qd8 16. a3 Na5 17. b4 Nc4 18. Nc5 b5 19. Rc3 Be7 20. Bc1 O-O 21. Nd2 Bxc5
22. bxc5 Qa5 23. Rg3 Kh7 24. Nxc4 bxc4 25. Bd2 Qd8 26. Qa4 Qc7 27. Ba5 Bd7 28.
Bxc7 Bxa4 29. Rc3 Rfc8 30. Bd6 Rc6 31. Rb1 Bb3 32. Kh2 a5 33. Rb2 a4 34. f4
1/2-1/2

[Event "Campeonato de España FEDC 2014"]
[Site "Linares ESP"]
[Date "2014.11.20"]
[Round "5.17"]
[White "Arranz Fraile, Javier"]
[Black "Garcia Andrinal, Antonio"]
[Result "0-1"]
[WhiteElo "1594"]
[BlackElo "1726"]
[PlyCount "62"]
[EventDate "2014.11.16"]
[EventType "swiss"]
[EventRounds "8"]
[EventCountry "ESP"]
[Source "lmi"]
[SourceDate "2014.11.16"]

1. d4 d5 2. Nc3 Nf6 3. Bg5 Nbd7 4. Qd3 g6 5. Bxf6 Nxf6 6. Nf3 Bg7 7. h3 c6 8.
O-O-O O-O 9. g4 Qc7 10. Ne5 Nd7 11. Nxd7 Bxd7 12. e3 e6 13. Bg2 b5 14. e4 a5
15. e5 a4 16. Nb1 Rfb8 17. f4 c5 18. dxc5 Qxc5 19. Qd4 Rc8 20. Qxc5 Rxc5 21.
Rh2 Rac8 22. Bf1 f6 23. Re1 fxe5 24. fxe5 d4 25. Bd3 b4 26. Nd2 Bxe5 27. Rhe2
Bf4 28. Kb1 Bb5 29. Ne4 Bxd3 30. Nxc5 Bxe2 31. Nxe6 d3 0-1